| 000 | 00841nam a22002297a 4500 | ||
|---|---|---|---|
| 999 |
_c17908 _d17908 |
||
| 003 | AR-CdUCM | ||
| 008 | 190510b ||||| |||| 00| 0 spa d | ||
| 040 |
_aMUNICIPALIDAD PROVINCIAL DEL CUSCO _cBIBLIOTECA MUNICIPAL DEL CUSCO |
||
| 082 |
_a909 / _bF26 |
||
| 100 |
_aFerrater Mora, José _916378 |
||
| 245 | _aCuatro visiones de la historia universal / | ||
| 260 |
_aBuenos Aires : _bSudamericana, _c1958. |
||
| 300 |
_a155 páginas ; _c17 cm. |
||
| 440 |
_aColección ensayos breves _935358 |
||
| 505 | _aContenido : Unidad de cuatro visiones -- San Agustín o la visión cristiana -- Voltaire o la visión racionalista -- Hegel o la visión absoluta. | ||
| 650 |
_aVisión renacentista _938145 |
||
| 650 |
_acristiana _938146 |
||
| 650 |
_aAbsoluta _938147 |
||
| 650 |
_aRacionalista _938148 |
||
| 942 |
_2ddc _cLIBROS |
||
| 945 | _arcc | ||